000 nam a22 7a 4500
999 _c174625
_d174625
003 Nust
005 20170203141456.0
008 170203b xxu||||| |||| 00| 0 eng d
040 _c0
050 _a628 IQB
082 _a628 IQB
100 _aIqbal,Major Rashid
245 _aEthanol As Fuel Supplement Its Potential and Environmental Impacts
_cMajor Rashid Iqbal
260 _aRawalpindi
_bIESE (SCEE) NUST
_c2003.
300 _a76 p.
_bHB.
440 _aMS Environmental Engineering
500 _aThesis MS EE
650 _aEnvironmental Engineering
700 _4Dr. M Anwar Baig (Supervisor)
942 _2ddc
_cTHE
_kIESE